000 00353nam a22001457a 4500
008 210311b ||||| |||| 00| 0 eng d
020 _a9780471328230
041 _aeng
080 _22nd
_a330.722.6
082 _a330.722.6
100 _a61
101 _aKF
245 _aFinancial Accounting A Decision-Making Approach
_cKing,Th.E
942 _2udc
_cBK
999 _c56296
_d56296